Top 10 Richest Men in the World Quiz Stats

 Plays Quiz not verified by Sporcle

Support Sporcle.
Go Orange.
Score 0/10 Timer 03:00
0 Plays Today
Net Worth($BILLION) % Correct
53William(Bill) Gates
94.3%
47Warren Buffett
52.9%
53.5Carlos Slim Helu
20%
28.7Lakshmi Mittal
15.7%
28Lawrence Ellison
15.7%
25Amancio Ortega
11.4%
29Mukesh Ambani
10%
23.5Karl Albrecht
10%
27.5Bernard Arnault
8.6%
27Eike Batista
5.7%

You're not logged in!

Compare scores with friends on all Sporcle quizzes.
OR
Log In

From the Vault

Remove Ads.
Support Sporcle.
Get the best of Sporcle when you Go Orange. This ad-free experience offers more features, more stats, and more fun while also helping to support Sporcle. Thank you for becoming a member.

Show Comments

Extras

Created Feb 25, 2011ReportNominate
Tags:billionaire, Money Leaders, rich

Top Quizzes Today


Score Distribution

Your Account Isn't Verified!

In order to create a playlist on Sporcle, you need to verify the email address you used during registration. Go to your Sporcle Settings to finish the process.

Report this User

Report this user for behavior that violates our Community Guidelines.

Details: